00908nam a22002537a 4500003000900000005001700009007000300026008004100029040002500070041000800095082002800103100002900131245005500160250001200215260005400227300004700281490001100328500005900339500006300398650003700461651003700498651006300535710005600598DO-SdBNP20260305073952.0ta201207e1978 dr abcdgri||| 001 jdspa d aDO-SdBNPbspacBNPHU hspa 4a972.93bM938m, 19782221 aMoya Pons, Frank,d1944-10aManual de historia dominicana /cFrank Moya Pons. a4a. ed. aSantiago, República Dominicana :bUCMM ,c1978. axi, 666 p. :bil., mapas, retrs. ;c21 cm.0 aTextos aIncluye índice onomástico e índice analítico  aIncluye datos biográficos del autor en la contracubierta 4aRepública DominicanaxHistoria 4aRepública DominicanaxHistoria 4aIsla Hispañola Haití y República DominicaxHistoria 2 aPontificia Universidad Católica Madre y Maestra